One horse town; (Record no. 18009)

MARC details
000 -LEADER
fixed length control field 00635cam a22002051 4500
001 - CONTROL NUMBER
control field ca 36000151
003 - CONTROL NUMBER IDENTIFIER
control field DLC
005 - DATE AND TIME OF LATEST TRANSACTION
control field 20260227111140.0
008 - FIXED-LENGTH DATA ELEMENTS--GENERAL INFORMATION
fixed length control field 890710s1936 maua 000 0 eng
010 ## - LIBRARY OF CONGRESS CONTROL NUMBER
LC control number ca 36000151
035 ## - SYSTEM CONTROL NUMBER
System control number (OCoLC)19983985
040 ## - CATALOGING SOURCE
Original cataloging agency DLC
Transcribing agency RPB
Modifying agency DLC
050 00 - LIBRARY OF CONGRESS CALL NUMBER
Classification number PS3537.C36
Item number O6 1936
082 ## - DEWEY DECIMAL CLASSIFICATION NUMBER
Classification number 812.5
100 1# - MAIN ENTRY--PERSONAL NAME
Personal name Schimmel, Robert C.
Fuller form of name (Robert Carl),
Dates associated with a name 1895-
245 10 - TITLE STATEMENT
Title One horse town;
Remainder of title a comedy in three acts,
Statement of responsibility, etc. by Robert C. Schimmel ...
260 ## - PUBLICATION, DISTRIBUTION, ETC.
Place of publication, distribution, etc. Boston, Mass.,
-- Los Angeles, Calif.
Name of publisher, distributor, etc. [Walter H. Baker Company,
Date of publication, distribution, etc. c1936]
300 ## - PHYSICAL DESCRIPTION
Extent 150 p.
Other physical details diagr.
Dimensions 19 cm.
490 0# - SERIES STATEMENT
Series statement Bakers̕ royalty plays

No items available.

Powered by Koha